Céramiques du monde musulman : collections de l'Institut du monde arabe et de J.P. et F. Croisier /

محفوظ في:

المؤلف الرئيسي: Mouliérac, Jeanne (مؤلف)

مؤلف مشترك: Institut du monde arabe (France).

التنسيق: كتاب

اللغة: French

منشور في: Paris : Gand : Institut du monde arabe ; Snoeck, Ducaju & Zoon, c1999.

سلاسل: Collection Passion.

الموضوعات:

الوسوم: إضافة وسم

لا توجد وسوم, كن أول من يضع وسما على هذه التسجيلة!

رقم الطلب: NK3880 .M68 1999

LEADER 01000nam a22002537a 4500
003 OSt
005 20250915074202.0
008 250303s1999 fr ab g bc 000 0 fre d
040 |c ARCE Library 
050 1 4 |a NK3880   |b .M68 1999 
100 1 |a Mouliérac, Jeanne,  |e author  |9 36290 
245 1 0 |a Céramiques du monde musulman :   |b collections de l'Institut du monde arabe et de J.P. et F. Croisier /   |c Jeanne Mouliérac. 
264 1 |a Paris :   |b Institut du monde arabe ;   |a Gand :   |b Snoeck, Ducaju & Zoon,   |c c1999. 
300 |a 159 pages :   |b color illustrations, 1 map ;   |c 21 cm. 
490 0 |a Collection Passion. 
504 |a Includes bibliographical references (p. 159). 
600 1 0 |a Croisier, Faïka  |x Art collections  |v Catalogs. 
600 1 0 |a Croisier, Jean-Paul  |x Art collections  |v Catalogs. 
610 2 0 |a Institut du monde arabe (France) 
650 0 |a Pottery, Islamic   |z Middle East  |v Catalogs. 
710 2 |a Institut du monde arabe (France). 
901 |a reviewed 
942 |c BK  |2 lcc 
999 |c 23864  |d 23864